00622nam a2200169 a 450000100100000000500170001000800410002704000250006810000350009324500930012825000110022126000680023230000210030004900090032195201050033099900170043500003388920200930070612.0110914s1975 mx 000 0 spa d aDO-SdBNPbspacBNPHU1 aPrado Flores, José H.91097114aLas reuniones de oración :bcómo se preparan y se dirigen /cJosé H. Prado Flores. a2a ed. aMéxico :bRenovación Cristiana en el Espiritu Santo,c1975. a114 p. ;c18 cm. aBNPD 001050718MOaGRbGRcCTd2011-09-14iLF1l0o p33889-10r2020-06-25w2020-06-25y1ZNo se presta c33380d33380